000 00913nam a2200277 a 4500
999 _c2022
_d2022
001 2022
003 BD-JhCC
005 20171028184738.0
008 990624s1999 bg ab b a 001 0 eng
020 _a9840514563
035 _a(BD-JhCC)2022
040 _aDLC
_cDLC
_dDLC
041 _aeng
082 0 0 _a363.34/938/095492
_221
_bMAM 1999
100 1 _aMamun, Muhammad Z.
245 1 0 _aDensification :
_ba strategic plan to mitigate riverbank erosion disaster in Bangladesh /
_cMuhammad Z. Mamun, A.T.M. Nurul Amin.
260 _aDhaka :
_bUniversity Press,
_c1999.
300 _axxiii, 182 p. :
_bill., maps ;
_c22 cm.
504 _aIncludes bibliographical references (p. [169]-177) and index.
650 0 _aSoil conservation
_zBangladesh.
650 0 _aShore protection
_zBangladesh.
650 0 _aRegional planning
_zBangladesh.
700 1 _aAmin, A. T. M. Nurul.
942 _2ddc
_cBK